000 00753nam a2200229Ia 4500
008 130821s1997 ck gr spa
020 _a9589333958
040 _aCo-BoUCM
_bspa
041 0 0 _aspa
100 1 _aHernandez Quintero, Hernando A.
_971034
245 1 3 _aEl lavado de activos
_cHernando A. Hernáandez Quintero
250 _a1a. ed.
260 _aBogotá (Cundinamarca, Colombia)
_bJurídicas Gustavo Ibañez
_c1997
300 _a122 páginas
504 _aIncluye índice y bibliografía
650 0 4 _aCriminología
_912152
650 0 4 _aDerecho penal
_912805
650 0 4 _aLavado de dinero
_918294
650 0 4 _aNarcotráfico
_920085
942 _cLIBRO
_a8
_e1
_mH37
_2DEWEY
_h364.157
999 _c20893
_d20893